Algorithm Design Foundations Analysis and Internet Examples (Record no. 2930)

MARC details
000 -LEADER
fixed length control field 00331nam a2200121Ia 4500
008 - FIXED-LENGTH DATA ELEMENTS--GENERAL INFORMATION
fixed length control field 191201s2006 xx 000 0 und d
100 ## - MAIN ENTRY--PERSONAL NAME
Personal name GOODRICH, Michael
245 #0 - TITLE STATEMENT
Title Algorithm Design Foundations Analysis and Internet Examples
260 ## - PUBLICATION, DISTRIBUTION, ETC. (IMPRINT)
Place of publication, distribution, etc N.Delhi
Name of publisher, distributor, etc Warner Books
Date of publication, distribution, etc 2006
300 ## - PHYSICAL DESCRIPTION
Extent 708
650 ## - SUBJECT ADDED ENTRY--TOPICAL TERM
Topical term or geographic name as entry element B.Tech(IT)
942 ## - ADDED ENTRY ELEMENTS (KOHA)
Source of classification or shelving scheme Dewey Decimal Classification
Koha item type Text Books
Holdings
Withdrawn status Lost status Source of classification or shelving scheme Damaged status Not for loan Collection code Home library Current library Date acquired Source of acquisition Cost, normal purchase price Bill Number Total Checkouts Full call number Acc. no. / Barcode Date last seen Bill Date Koha item type Date last borrowed
    Dewey Decimal Classification     B.Tech(IT) PIET C-LIBRARY PIET C-LIBRARY 20/08/2007 J B C, New Delhi 335.00 707   005.1 GOA 6719 04/12/2019 28/07/2007 Text Books  
    Dewey Decimal Classification     Computer Science & Engineering in Cyber Security PIET C-LIBRARY PIET C-LIBRARY 20/08/2007 J B C, New Delhi 335.00 707 2 005.1 GOA 6720 26/10/2023 28/07/2007 Text Books 13/10/2023
    Dewey Decimal Classification     Computer Science and Engineering in AI & Machine Learning PIET C-LIBRARY PIET C-LIBRARY 20/08/2007 J B C, New Delhi 335.00 707   005.1 GOA 6721 04/12/2019 28/07/2007 Text Books  

Design & Developed by: PIET Central Library
R70 Miles Stone Pattikalyana Samalkha Panipat 132102
mail ID :- [email protected], Phone No:- 0180-2569700 Ex.216